Normal view
MARC view
Entry Personal Name
001 - CONTROL NUMBER
- control field: 1179967
003 - CONTROL NUMBER IDENTIFIER
- control field: OSt
005 - DATE AND TIME OF LATEST TRANSACTION
- control field: 20260324125943.0
008 - FIXED-LENGTH DATA ELEMENTS
- fixed length control field: 260324|| aca||aabn | a|a d
040 ## - CATALOGING SOURCE
- Original cataloging agency: OSt
- Transcribing agency: OSt
100 ## - HEADING--PERSONAL NAME
- Personal name: Gino J. Lim; Eva K. Lee
670 ## - SOURCE DATA FOUND
- Source citation: Work cat.: (OSt)1775656: Gino J. Lim; Eva K. Lee, Optimization in Medicine and Biology
